Initiation a l'analyse des donnees

Αποθηκεύτηκε σε:
Λεπτομέρειες βιβλιογραφικής εγγραφής
Κύριος συγγραφέας: Lagarde, Jean de
Μορφή: Βιβλίο
Γλώσσα:French
Δημοσίευση: Paris : Dunod, 1983
Θέματα:
Ετικέτες: Προσθήκη ετικέτας
Δεν υπάρχουν, Καταχωρήστε ετικέτα πρώτοι!

MARC

LEADER 00000nam a2200000 i 4500
001 1/71699
008 970728s1983 fre d
020 |a 2-04-015493-0 
035 |a 1990  |b 3  |c Μεϊμάρης  |l 10031028 
040 |a GR-MY-UA  |b gre  |e aacr 
041 0 |a fre 
082 0 |a 005.746 
100 1 |a Lagarde, Jean de. 
245 1 0 |a Initiation a l'analyse des donnees /  |c Jean de Lagarde 
260 |a Paris :   |b Dunod,   |c 1983 
300 |a 157 p. 
650 0 0 |a Databases. 
852 |a INST  |b RHODES  |e 19970728  |h 005.746 LAG  |p 005400008427  |q 005400008427  |t BK  |y 0 
909 |a Ρ  |b 018696  |c 1990